Uncommon Celebrity Names Quiz Stats

 Plays Quiz Updated Aug 29, 2014

Support Sporcle.
Go Orange.
Score 0/25 Timer 05:00
3 Plays Today
Hint Answer % Correct
PParis Hilton
91.9%
OOrlando Bloom
86.1%
KKanye West
83.8%
UUma Thurman
82.4%
CChanning Tatum
80.8%
HHeath Ledger
76.8%
ZZooey Deschanel
75.6%
RRowan Atkinson
66.4%
AAlanis Morissette
65.8%
SShia LaBeouf
65.6%
GGoldie Hawn
63.4%
EEwan McGregor
59%
MMacaulay Culkin
53%
Hint Answer % Correct
NNeve Campbell
51.1%
VViggo Mortensen
50.1%
IIdris Elba
43.5%
YYasmine Bleeth
41.5%
JJanuary Jones
36.4%
FFamke Janssen
29.2%
TTatum O'Neal
28.8%
DDwyane Wade
28.8%
BBusy Phillips
27.6%
WWentworth Miller
24.7%
LLeighton Meester
22.5%
QQuvenzhané Wallis
10.2%

You're not logged in!

Compare scores with friends on all Sporcle quizzes.
OR
Log In

From the Vault

Progressively Harder Country Outlines (South America)

by Spacemaniac

Similar to clouds, you can look at these shape outlines and try to imagine what other objects they could be.
Remove Ads.
Support Sporcle.
Get the best of Sporcle when you Go Orange. This ad-free experience offers more features, more stats, and more fun while also helping to support Sporcle. Thank you for becoming a member.

Show Comments

Extras

Top Quizzes Today


Score Distribution

Your Account Isn't Verified!

In order to create a playlist on Sporcle, you need to verify the email address you used during registration. Go to your Sporcle Settings to finish the process.

Report this User

Report this user for behavior that violates our Community Guidelines.

Details: